The First US President with the Letter A-Z - Statistics

General Stats
  • This quiz has been taken 38 times
  • The average score is 22 of 26
Answer Stats
Letter US President % Correct
A George Washington
100%
E George Washington
100%
G George Washington
100%
H George Washington
100%
I George Washington
100%
N George Washington
100%
O George Washington
100%
R George Washington
100%
S George Washington
100%
T George Washington
100%
W George Washington
100%
Q John Quincy Adams
91%
Y John Quincy Adams
91%
D John Adams
88%
J John Adams
88%
M John Adams
88%
F Thomas Jefferson
85%
Z Zachary Taylor
79%
P James K. Polk
74%
B Martin Van Buren
68%
U Martin Van Buren
68%
V Martin Van Buren
68%
C Andrew Jackson
65%
K Andrew Jackson
65%
X Richard Nixon
56%
L William Henry Harrison
41%
No matching quizzes found
Score Distribution
Percent of People with Each Score
Percentile by Number Answered
Your Score History
You have not taken this quiz